000 00292nam a2200109Ia 4500
008 240521s1975 xx 000 0 und d
041 _aeng
100 _aHASTING D.J.
245 _aEXERCISES IN ENGINEERING DRAWING III RD ED
260 _bEDWARD ARNOLD PUBLISHERS LTD.
_c1975
300 _a144
999 _c1163525
_d1163525